000 00763cam a2200205 i 4500
005 20251108172845.0
008 250721s2003 le gr 000 0 ara d
020 _a9953429316
082 1 4 _a001.434
_blم ر ع
100 1 _aالمرعشلي، يوسف
_eمعد.
245 1 0 _aاصول كتابة البحث العلمي :
_cاعداد د. يوسف المرعشلي.
_bو تحقيق المخطوطات /
250 _aالطبعة الثالثة.
264 3 1 _aبيروت :
_bدار المعرفة للطباعة والنشر والتوزيع،
_c2003.
300 _a312 صفحة.
650 1 7 _aالبحث العلمي.
650 1 7 _aأساليب البحث.
650 1 7 _aالمخطوطات.
942 _2ddc
_cBK
999 _c90184
_d90184